000
00313nam a2200109Ia 4500
008
200302s9999 xx 000 0 und d
100
_a
H. Roessing
245
_a
2286 Traditional Stencil Designs
260
_b
The Athenaeum Of Philadelphia And Dover Publications, Inc., New York
260
_c
1991
300
_a
118 P.,
999
_c
4229
_d
4229